Squadre state in Serie A - Italia Settentrionale - Statistics

Statistiche generali
  • Questo quiz è stato fatto 21 volte
  • Il punteggio medio è 30 su 39
Statistiche sulle risposte
Regione Stagioni in Serie A Squadra % Corretto
Emilia-Romagna 77 Bologna
100%
Liguria 56 Genoa
100%
Lombardia 92 Inter
100%
Piemonte 91 Juventus
100%
Lombardia 90 Milan
100%
Liguria 66 Sampdoria
100%
Piemonte 80 Torino
100%
Lombardia 63 Atalanta
94%
Friuli-Venezia Giulia 51 Udinese
94%
Veneto 13 Venezia
94%
Veneto 33 Verona
94%
Emilia-Romagna 13 Modena
88%
Lombardia 2 Monza
88%
Emilia-Romagna 27 Parma
88%
Emilia-Romagna 11 Sassuolo
88%
Liguria 3 Spezia
88%
Friuli-Venezia Giulia 26 Triestina
88%
Veneto 17 Chievo
82%
Lombardia 13 Como
82%
Lombardia 8 Cremonese
82%
Piemonte 13 Novara
82%
Veneto 1 Treviso
82%
Piemonte 13 Alessandria
76%
Lombardia 3 Lecco
76%
Lombardia 7 Mantova
76%
Veneto 16 Padova
76%
Emilia-Romagna 19 SPAL
76%
Lombardia 23 Brescia
71%
Veneto 30 L.R. Vicenza
71%
Emilia-Romagna 8 Piacenza
71%
Piemonte 6 Pro Vercelli
71%
Emilia-Romagna 1 Carpi
65%
Emilia-Romagna 13 Cesena
59%
Lombardia 3 Legnano
47%
Lombardia 7 Varese
47%
Piemonte 4 Casale
41%
Emilia-Romagna 3 Reggiana
41%
Lombardia 12 Pro Patria
29%
Liguria 8 Sampierdarenese
29%
Nessun quiz corrispondente trovato
Distribuzione punteggi
Percentuale di utenti per punteggio
Percentile per numero di risposta
I tuoi punteggi nel tempo
Non hai fatto questo quiz